|
|
|
|
| LEADER |
00000nam0a2200000 4500 |
| 001 |
680080 |
| 005 |
20250507093547.0 |
| 090 |
|
|
|a 680080
|
| 100 |
|
|
|a 20250507d1979 m||y0rusy50 ca
|
| 101 |
0 |
|
|a rus
|
| 102 |
|
|
|a RU
|
| 105 |
|
|
|a a z 001yy
|
| 181 |
|
0 |
|a i
|b e
|
| 182 |
|
0 |
|a n
|
| 183 |
|
0 |
|a nc
|2 RDAcarrier
|
| 200 |
1 |
|
|a Приборы для измерения температуры
|f Л. М. Михайлов, В. И. Левит
|
| 203 |
|
|
|a Текст
|b визуальный
|c непосредственный
|
| 210 |
|
|
|a Москва
|c Пищевая промышленность
|d 1979
|
| 215 |
|
|
|a 120 с.
|c ил.
|
| 225 |
1 |
|
|a Эксплуатация и наладка оборудования
|
| 283 |
|
|
|a volume
|2 RDAcarrier
|
| 320 |
|
|
|a Список использованной литературы: с. 119
|
| 606 |
|
|
|a Пищевая промышленность
|x Приборы для измерения температуры
|9 88896
|
| 610 |
1 |
|
|a измерительные приборы
|
| 610 |
1 |
|
|a характеристика
|
| 610 |
1 |
|
|a монтаж
|
| 610 |
1 |
|
|a эксплуатация
|
| 610 |
1 |
|
|a наладка
|
| 610 |
1 |
|
|a служба КИПиА
|
| 610 |
1 |
|
|a контрольно-измерительные приборы и аппаратура
|
| 675 |
|
|
|a 663/664
|v 4
|
| 700 |
|
1 |
|a Михайлов
|b Л. М.
|g Леонид Михайлович
|
| 701 |
|
1 |
|a Левит
|b Б. И.
|g Борис Израилевич
|
| 801 |
|
0 |
|a RU
|b 63413507
|c 20250507
|
| 830 |
|
|
|a Ретро2025Каталогизация Шило
|
| 850 |
|
|
|a 63413507
|
| 942 |
|
|
|c BK
|